Regionálna konkurencieschopnosť a regionálna štátna pomoc

Uložené v:
Podrobná bibliografia
Hlavný autor: Tvrdoň, Jozef
Médium: Kapitola
Jazyk:Slovak
Tagy: Pridať tag
Žiadne tagy, Buďte prvý, kto otaguje tento záznam!

MARC

LEADER 00000nla$a2200000$$$4500
001 0061192
005 20240502083146.8
041 0 |a slo 
044 |a CZ 
245 1 0 |a Regionálna konkurencieschopnosť a regionálna štátna pomoc  |c Jozef Tvrdoň 
100 1 |a Tvrdoň, Jozef